[Event "Hofheim Spring op-B 7th"]
[Site "Hofheim"]
[Date "2019.04.23"]
[Round "1"]
[White "Weissenberger, Julius"]
[Black "Froehlich Dill, Astrid"]
[Result "0-1"]
[WhiteElo "1568"]
[BlackElo "1798"]
[PlyCount "106"]
[EventDate "2019.04.23"]
[EventType "swiss"]
[EventRounds "9"]
[EventCountry "GER"]
[SourceTitle "CBM 190 Extra"]
[Source "ChessBase"]
[SourceDate "2019.07.15"]
[SourceVersion "1"]
[SourceVersionDate "2019.07.15"]
[SourceQuality "1"]

1. e4 e6 2. d4 b6 3. c3 Bb7 4. Bd3 Nf6 5. Bg5 d6 6. Nf3 Nbd7 7. 0-0 Be7 8. Re1 h6 9. Bxf6 Bxf6 10. Qc2 e5 11. b4 0-0 12. d5 Rc8 13. Nbd2 c6 14. Qb3 cxd5 15. exd5 Be7 16. c4 f5 17. Bb1 g6 18. a4 Bf6 19. Qe3 Kg7 20. Ra3 Re8 21. h3 Nf8 22. Ba2 Rc7 23. Rc1 e4 24. Nh2 Bb2 25. Rac3 Qf6 26. R1c2 Bxc3 27. Rxc3 f4 28. Nxe4 Rxe4 29. Qxe4 Qxc3 30. Ng4 Rf7 31. Bb1 h5 32. Nh2 Bc8 33. Nf3 Bf5 34. Qe8 Bxb1 35. Ng5 Qf6 36. Nxf7 Qxf7 37. Qc6 Qe7 38. a5 Qe1+ 39. Kh2 Qxb4 40. Qc7+ Kh8 41. Qxa7 Qxa5 42. Qxa5 bxa5 43. g4 a4 44. gxh5 gxh5 45. c5 dxc5 46. d6 a3 47. d7 Nxd7 48. f3 a2 49. h4 a1Q 50. Kh3 Bf5+ 51. Kh2 Qb2+ 52. Kh1 Bh3 53. Kg1 Qg2# 0-1

[Event "Wiesbaden op 30th"]
[Site "Wiesbaden"]
[Date "2018.08.25"]
[Round "5"]
[White "Froehlich Dill, Astrid"]
[Black "Koellner, Aaron Noah"]
[Result "0-1"]
[WhiteElo "1824"]
[BlackElo "2001"]
[PlyCount "70"]
[EventDate "2018.08.23"]
[EventType "swiss"]
[EventRounds "7"]
[EventCountry "GER"]
[SourceTitle "CBM 186 Extra"]
[Source "ChessBase"]
[SourceDate "2018.08.24"]
[SourceVersion "1"]
[SourceVersionDate "2018.08.24"]
[SourceQuality "1"]

1. d4 d6 2. e4 Nf6 3. f3 Nbd7 4. Bc4 e5 5. c3 c6 6. Ne2 a5 7. a4 Be7 8. 0-0 Qc7 9. Ng3 Nf8 10. f4 h5 11. fxe5 dxe5 12. Nf5 Bxf5 13. Rxf5 N8d7 14. Be3 Rf8 15. Qf3 g6 16. Rg5 Ng4 17. Rxg4 hxg4 18. Qxg4 Bd6 19. g3 0-0-0 20. Nd2 Kb8 21. d5 cxd5 22. Bxd5 Nf6 23. Qe2 Nxd5 24. exd5 Bc5 25. c4 f5 26. Kg2 Bxe3 27. Qxe3 Rde8 28. Rb1 Rh8 29. c5 f4 30. Qc3 Qd7 31. gxf4 Qxd5+ 32. Kg1 exf4 33. Rf1 Qg5+ 34. Kh1 Rxh2+ 35. Kxh2 Re2+ 0-1